000 00672nam a2200241Ia 4500
003 OSt
005 20220925230405.0
006 a|||||r|||| 00| 0
007 ta
008 220923b |||||||| |||| 00| 0 eng d
020 _a1859845274
_c2130.00
037 _b3101, 26/10/2006, BOOK AGE
_cGeneral Book
040 _aRTL
_cRTL
_beng
041 _2eng
_aeng
082 _aYwN38A, P5
100 _aAnderson Perry
_923588
245 0 _aSpectrum
260 _aLondon
_bVerso
_c2005
300 _axvii, 398p
_ccm.
650 _aSociology
942 _hYwN38A, P5
_cGB
_2CC
999 _c585354
_d585354